000 00344nam a2200133Ia 4500
008 231129s2004||||xx |||||||||||||| ||spa||
020 _a958-04-7491-5- ISBN
040 _bspa
082 _a428 T258
245 0 _aTeenagers new generation student's book
260 _c2004
264 _aNorma
942 _2ddc
_cBKS
999 _c25126
_d25126